00459nam a22001577a 450000500170000001000130001702000260003003500130005603700100006908200180007910000170009724500600011426000350017427000550020930000370026420110927145241.0 aG-001439 c195.00a97881832810651daG-001439 bGift  a791.430232092 aAhmed, Rauf  aMehbook Khan:cby Fauf Ahmed bthe romance of history / aNew Delhi bWisdom Tree c2008 a4779/23, Ansari Road, DaryaganjbNew Delhie110002 aix, 102p.c15cm(Hb)bb&w photos